Confesiones de fe en la antigua iglesia : (Registro nro. 69658)
[ vista simple ]
| 000 -LÍDER | |
|---|---|
| Campo fijo de descripción fija | 01428nab a2200241 i 4500 |
| 001 - NÚMERO DE CONTROL | |
| Campo de control | 768714001 |
| 003 - IDENTIFICADOR DEL NÚMERO DE CONTROL | |
| Campo de control | CO-MdFUSB |
| 005 - FECHA Y HORA DE LA ULTIMA TRANSACCIÓN | |
| control field | 20241002062724.0 |
| 008 - ELEMENTOS DE LONGITUD FIJA -- INFORMACIÓN GENERAL | |
| Campo fijo de descripción fija -- Información general | 240509t1970 sp ||||| |||| 00| 0 spa d |
| 040 ## - FUENTE DE CATALOGACIÓN | |
| Idioma de catalogación | spa |
| Agencia que realiza la transcripción | CO-MdFUSB |
| Agencia que realiza la modificación | CO-MdFUSB |
| 041 ## - CÓDIGO DE IDIOMA | |
| Código de idioma para texto/pista de sonido o título separado | spa |
| 100 ## - ASIENTO PRINCIPAL--NOMBRE PERSONAL | |
| Nombre personal | Brekelmans, Antonius, |
| Término relacionador | autor |
| 245 ## - TÍTULO | |
| Título | Confesiones de fe en la antigua iglesia : |
| Subtitulo | origen y función |
| Mención de responsabilidad | / Antonius Brekelmans |
| 520 ## - NOTA DE RESUMEN, ETC. | |
| Nota de sumario, etc. | Esta colaboración contiene algunas observaciones sobre los principales momentos que dieron lugar al nacimiento de las confesiones de fe y en las que éstas han funcionado: la liturgia, la catequesis y el bautismo, y las luchas contra la heterodoxia. La situación litúrgica pensamos sobre todo en la celebración eucarística nos brinda la ocasión para emplear la denominación de «confesión eulógica», derivada del griego eulogein: alabar. Tomando como base las otras situaciones, hablaremos de «confesión bautismal» y de “confesión doctrina”. |
| 650 #7 - ASIENTO SECUNDARIO DE MATERIA - TERMINO TEMÁTICO | |
| Término temático o nombre geográfico como elemento de entrada | Cristianismo |
| Subdivisión general | Historia |
| Subdivisión cronológica | 0030-0600 (Iglesia primitiva) |
| 9 (RLIN) | 217 |
| 650 #7 - ASIENTO SECUNDARIO DE MATERIA - TERMINO TEMÁTICO | |
| Término temático o nombre geográfico como elemento de entrada | Teología dogmática |
| 9 (RLIN) | 6937 |
| 650 #7 - ASIENTO SECUNDARIO DE MATERIA - TERMINO TEMÁTICO | |
| Término temático o nombre geográfico como elemento de entrada | Fe |
| 9 (RLIN) | 531 |
| 650 #7 - ASIENTO SECUNDARIO DE MATERIA - TERMINO TEMÁTICO | |
| Término temático o nombre geográfico como elemento de entrada | Sacramentos |
| 9 (RLIN) | 470 |
| 653 ## - TÉRMINO DE INDIZACIÓN - NO CONTROLADO | |
| Término no controlado | Tensiones en la Iglesia |
| 773 0# - ASIENTO DE ITEM FUENTE | |
| Biblionumber | 49450 |
| Itemnumber | 82614 |
| Otro identificador del ítem | R2541 |
| Título | Revista internacional de teología Concilium |
| Número de control del registro | (CO-MdFUSB)8 |
| Número Internacional Normalizado para Publicaciones Seriadas (ISSN) | 0210-1041 |
| Parte(s) relacionada(s) / Volumen., número. (mes año), páginas | Número 51, (enero, 1970), páginas: 32 - 41 |
| Enumeración y primera página | página: 32 |
| 942 ## - TIPO DE MATERIAL (KOHA) | |
| Tipo de Item KOHA | Artículos de Revista |
| 945 ## - INFORMACIÓN LOCAL DEL REGISTRO | |
| Catalogador | Catherine Arias Alvarez - Practicante SENA |
No hay ítems disponibles.
